00661cam a2200193 450000100060000000300080000600500170001400800390003103500190007004000320008904100110012108200160013224501430014826000400029130000310033150000500036265000220041270000330043412538BD-RjUL20211208235319.0140129s1961 ru a 000 0 eng a(BD-RjUL)12587 aDLCcDLCdDLCdBD-RjULbeng1 aengrus a621.01bTHE00aThermal engineering /c[by] I. Shvets [and others] Translated from the Russian by S. Semyonov and R. Fesenko. Translation editor: G. Leib. aMoscow :bPeace Publishers ,c1961. a483 p. :billus. ;c22 cm. aTranslation of Obshchai︠a︡ teplotekhnika. 0aHeat engineering.1 aShvetsʹ, Ivan Trokhymovych.